00968nam a2200253 a 450000100060000000300080000600500170001400800410003102000160007203500190008804000270010704100080013408200260014210000540016824501180022226000420034030000260038250400510040865000440045970000320050394200120053599900170054795201500056456885BD-RjUL20211209080439.0161204s1983 enk b 001 0 eng  a0710097662  a(BD-RjUL)57009 aDLCcDLCdBD-RjULbeng aeng00a297.283223bWAI 19831 aWatt, W. Montgomeryq(William Montgomery)913869610aIslam and Christianity today :ba contribution to dialogue /cW. Montgomery Watt ; foreword by Ahmed Zaki Yamani. aLondon :bRoutledge & K. Paul,c1983. axiv, 157 p. ;c23 cm. aIncludes bibliographical references and index. 0aIslamxRelationsxChristianity.9168894 a Yamani, Ahmed Zaki9169111 2ddccBK c56885d56885 00102ddc40718NFICaRUCLbRUCLcReadingd1989-09-24ekarim Internationalg19.95l0o297.283 WAI 1983r2016-12-04 00:00:00tC-1w2021-12-09yBK